[Event "Platja d'Aro Barcino"]
[Site "Platja d'Aro"]
[Date "2013.06.28"]
[Round "8"]
[White "Milchev, Nikolay"]
[Black "Sanchez, Jerez Emilio"]
[Result "1-0"]
[WhiteElo "2433"]
[BlackElo "2202"]
[PlyCount "71"]
[EventDate "2013.06.24"]
[EventType "tourn"]
[EventRounds "9"]
[EventCountry "ESP"]
[EventCategory "3"]
[SourceTitle "EXT 2014"]
[Source "ChessBase"]
[SourceDate "2013.11.20"]
[SourceVersion "1"]
[SourceVersionDate "2013.11.20"]
[SourceQuality "1"]

1. d4 Nf6 2. Nf3 g6 3. c4 Bg7 4. Nc3 0-0 5. e4 d6 6. h3 e5 7. d5 Nh5 8. Be3 Na6 9. a3 Qe8 10. Nd2 f5 11. Nb3 Bd7 12. Qc2 f4 13. Bd2 f3 14. g3 b6 15. Be3 Nc5 16. Nxc5 bxc5 17. b4 cxb4 18. axb4 a6 19. c5 Bb5 20. c6 Qe7 21. Bxb5 axb5 22. Kd2 Rab8 23. Qd3 Bf6 24. h4 Qg7 25. Ra5 Rf7 26. Nxb5 Rbf8 27. Nxc7 Rxc7 28. b5 Rcc8 29. Ra7 Rf7 30. Rha1 Bd8 31. b6 Nf6 32. Ra8 Rxa8 33. Rxa8 Rf8 34. Qc4 Ng4 35. c7 Nxe3 36. Kxe3 1-0